000 00759cab a2200229 4500
001 WB3144-52
008 090401t1995 xxu||||| |||| 00| 0 eng d
035 _a(Sirsi) u35445
041 _aeng
245 _aVariation of lease option
260 _c1995
350 _a0
490 _aEstates Gazette Case Summaries
_v(1995) EGCS 173(1) (18/11/95)
520 _aIn "Norfolk County Council v Dencora Properties Ltd" CA 9 November 1995, tenants seek to postpone date for exercising option of determination of lease. Appeal allowed.
650 _aDETERMINATION OF LEASE
650 _aLEASE VARIATIONS
650 _aLEASES
650 _aOPTION TO VARY
690 _aLANDLORD AND TENANT-CASE LAW-BUSINESS TENANCIES
942 _n0
948 _c04/03/1997
999 _c23208
_d23208